000 00327nam a22001457a 4500
003 SGT
020 _a978-93-87085-11-4
082 _a615.19
_bAGA
100 _aAGARWAL, GAURAV
245 _aINDUSTRIAL PHARMACY -II
260 _aINDIA
_bCBS PUB.
_c2025
300 _a230
650 _aINDUSTRIAL PHARMACY
942 _2ddc
_cBK
999 _c32467
_d32467